The chocolate touch / (Record no. 31459)

MARC details
000 -LEADER
fixed length control field 01611cam a2200493 i 4500
001 - CONTROL NUMBER
control field sky235068847
003 - CONTROL NUMBER IDENTIFIER
control field SKY
005 - DATE AND TIME OF LATEST TRANSACTION
control field 20260109065533.0
008 - FIXED-LENGTH DATA ELEMENTS--GENERAL INFORMATION
fixed length control field 060425t20101979nyua j 000 f eng d
010 ## - LIBRARY OF CONGRESS CONTROL NUMBER
LC control number bl2006009817
020 ## - INTERNATIONAL STANDARD BOOK NUMBER
International Standard Book Number 9780545326438
020 ## - INTERNATIONAL STANDARD BOOK NUMBER
International Standard Book Number 0545326435
020 ## - INTERNATIONAL STANDARD BOOK NUMBER
International Standard Book Number 9780688161330
020 ## - INTERNATIONAL STANDARD BOOK NUMBER
International Standard Book Number 0688161332
040 ## - CATALOGING SOURCE
Modifying agency sm
-- is
-- sm
-- SKYRV
Description conventions rda
Transcribing agency ndc
049 ## - LOCAL HOLDINGS (OCLC)
Holding library CBL
050 14 - LIBRARY OF CONGRESS CALL NUMBER
Classification number PZ7.C2696
082 04 - DEWEY DECIMAL CLASSIFICATION NUMBER
Classification number [Fic]
Edition number 23
092 ## - LOCALLY ASSIGNED DEWEY CALL NUMBER (OCLC)
Classification number J PBK
100 1# - MAIN ENTRY--PERSONAL NAME
Personal name Catling, Patrick Skene.
245 14 - TITLE STATEMENT
Title The chocolate touch /
Statement of responsibility, etc. Patrick Skene Catling ; pictures by Margot Apple.
264 #1 - PRODUCTION, PUBLICATION, DISTRIBUTION, MANUFACTURE, AND COPYRIGHT NOTICE
Place of production, publication, distribution, manufacture New York :
Name of producer, publisher, distributor, manufacturer Scholastic Inc.,
Date of production, publication, distribution, manufacture, or copyright notice 2010.
264 #4 - PRODUCTION, PUBLICATION, DISTRIBUTION, MANUFACTURE, AND COPYRIGHT NOTICE
Date of production, publication, distribution, manufacture, or copyright notice ℗♭1979.
300 ## - PHYSICAL DESCRIPTION
Extent 126 pages ;
Other physical details illustrations ;
Dimensions 20 cm.
336 ## - CONTENT TYPE
Content type term text
Content type code txt
Source rdacontent.
337 ## - MEDIA TYPE
Media type term unmediated
Media type code n
Source rdamedia.
338 ## - CARRIER TYPE
Carrier type term volume
Carrier type code nc
Source rdacarrier.
520 ## - SUMMARY, ETC.
Summary, etc. Recounts the trials and tribulations of a greedy boy's predicament when everything he touches turns to chocolate.
526 0# - STUDY PROGRAM INFORMATION NOTE
Program name Accelerated Reader AR
Interest level MG
Reading level 4.7
Title point value 2.0
Public note 256.
534 ## - ORIGINAL VERSION NOTE
Introductory phrase Originally published :
Publication, distribution, etc. of original New York : Morrow, c1952.
650 #0 - SUBJECT ADDED ENTRY--TOPICAL TERM
Topical term or geographic name as entry element Chocolate
Form subdivision Juvenile fiction.
650 #0 - SUBJECT ADDED ENTRY--TOPICAL TERM
Topical term or geographic name as entry element Magic
Form subdivision Juvenile fiction.
650 #0 - SUBJECT ADDED ENTRY--TOPICAL TERM
Topical term or geographic name as entry element Interpersonal relations
Form subdivision Juvenile fiction.
650 #0 - SUBJECT ADDED ENTRY--TOPICAL TERM
Topical term or geographic name as entry element Schools
Form subdivision Juvenile fiction.
650 #0 - SUBJECT ADDED ENTRY--TOPICAL TERM
Topical term or geographic name as entry element Humorous stories.
650 #1 - SUBJECT ADDED ENTRY--TOPICAL TERM
Topical term or geographic name as entry element Chocolate
Form subdivision Fiction.
650 #1 - SUBJECT ADDED ENTRY--TOPICAL TERM
Topical term or geographic name as entry element Schools
Form subdivision Fiction.
650 #1 - SUBJECT ADDED ENTRY--TOPICAL TERM
Topical term or geographic name as entry element Humorous stories.
650 #7 - SUBJECT ADDED ENTRY--TOPICAL TERM
Topical term or geographic name as entry element Chocolate.
Source of heading or term fast
Authority record control number (OCoLC)fst00858278.
650 #7 - SUBJECT ADDED ENTRY--TOPICAL TERM
Topical term or geographic name as entry element Schools.
Source of heading or term fast
Authority record control number (OCoLC)fst01107958.
655 #7 - INDEX TERM--GENRE/FORM
Genre/form data or focus term Humorous stories.
700 1# - ADDED ENTRY--PERSONAL NAME
Personal name Apple, Margot.
942 ## - ADDED ENTRY ELEMENTS (KOHA)
Koha item type Libro/Book
Holdings
Withdrawn status Lost status Damaged status Not for loan Home library Current library Date acquired Total Checkouts Full call number Barcode Date last seen Price effective from Koha item type
        San Juan Del Sur -- Biblioteca San Juan Del Sur -- Biblioteca 09/01/2026   JF 30029490 09/01/2026 09/01/2026 Libro/Book

Powered by Koha